ਚਿੱਟੀਆਂ ਰਾਤਾਂ ਕਾਲੇ ਦਿਨ / (Record no. 55232)
[ view plain ]
| 000 -LEADER | |
|---|---|
| fixed length control field | 02222nam a22003617a 4500 |
| 005 - DATE AND TIME OF LATEST TRANSACTION | |
| control field | 2011080406576.0 |
| 008 - FIXED-LENGTH DATA ELEMENTS--GENERAL INFORMATION | |
| fixed length control field | 090728t xxu||||| |||| 00| 0 pun d |
| 010 ## - LCCN (DPL NO) | |
| LC control number | PUN-6957 B-465065-069 |
| 020 ## - INTERNATIONAL STANDARD BOOK NUMBER | |
| Terms of availability | 750.00 |
| International Standard Book Number | 9788179143706 |
| 035 ## - SYSTEM CONTROL NUMBER | |
| System control number | PN-6075 B-465065-069 |
| 037 ## - SOURCE OF ACQUISITION | |
| Source of stock number/acquisition | DBAD / PUB |
| 037 ## - SOURCE OF ACQUISITION | |
| Source of stock number/acquisition | RBC/Vender |
| 040 ## - CATALOGING SOURCE | |
| Original cataloging agency | dpl |
| Language of cataloging | pn |
| 082 ## - DEWEY DECIMAL CLASSIFICATION NUMBER | |
| Classification number | 850 |
| 100 ## - MAIN ENTRY--PERSONAL NAME | |
| 9 (RLIN) | 24414 |
| 245 ## - TITLE STATEMENT | |
| Title | ਚਿੱਟੀਆਂ ਰਾਤਾਂ ਕਾਲੇ ਦਿਨ / |
| Statement of responsibility, etc | ਗੁਰਦਿਆਲ ਕੰਵਲ ਦ੍ਵਾਰਾ ਸੰਪਾਦਿਤ |
| 246 ## - VARYING FORM OF TITLE | |
| Title proper/short title | Chitian raatan kale din |
| Remainder of title | ed by Gurdial Kanwal |
| 260 ## - PUBLICATION, DISTRIBUTION, ETC. (IMPRINT) | |
| Place of publication, distribution, etc | Chandigarh |
| Name of publisher, distributor, etc | Tarlochan Publishers |
| Date of publication, distribution, etc | 2010 |
| 270 ## - ADDRESS | |
| Address | 3236, Sector-15-D, |
| City | Chandigarh |
| Telephone number | 0172-4613236 |
| 300 4# - PHYSICAL DESCRIPTION | |
| Extent | 384 ਸਫੇ |
| Dimensions | 22ਸੇਮੀ (ਸਜਿਲੱਦ) |
| 600 ## - SUBJECT ADDED ENTRY--PERSONAL NAME | |
| 9 (RLIN) | 31401 |
| 650 ## - SUBJECT ADDED ENTRY--TOPICAL TERM | |
| 9 (RLIN) | 24412 |
| 650 ## - SUBJECT ADDED ENTRY--TOPICAL TERM | |
| 9 (RLIN) | 24431 |
| 700 ## - ADDED ENTRY--PERSONAL NAME | |
| 9 (RLIN) | 31690 |
| 942 ## - ADDED ENTRY ELEMENTS (KOHA) | |
| Source of classification or shelving scheme | Dewey Decimal Classification |
| Item type | Punjabi Bks |
| Classification part | 850 |
| Call number suffix | ਚਿੱਟੀਆਂ |
| Withdrawn status | Lost status | Source of classification or shelving scheme | Damaged status | Not for loan | Collection code | Home library | Current library | Date acquired | Source of acquisition | Cost, normal purchase price | Total Checkouts | Full call number | Barcode | Date last seen | Copy number | Cost, replacement price | Koha item type | Total Renewals |
|---|---|---|---|---|---|---|---|---|---|---|---|---|---|---|---|---|---|---|
| Dewey Decimal Classification | Non-fiction | Central Library | Central Library | 07/06/2012 | RBC/7/17.2.12/27797/3.3.12/29.3.12 | 750.00 | 1 | 850 ਚਿੱਟੀਆਂ | B-465065 | 22/08/2024 | 1 | 750.00 | Punjabi Bks | 1 | ||||
| Dewey Decimal Classification | Non-fiction | D.B.Act.Division | D.B.Act.Division | 11/08/2011 | DBAD/PUB | 750.00 | 850 ਚਿੱਟੀਆਂ | PN-6075 | 11/08/2011 | 1 | 750.00 | Punjabi Bks | ||||||
| Dewey Decimal Classification | Non-fiction | Janak Puri | Janak Puri | 07/06/2012 | RBC/7/17.2.12/27797/3.3.12/29.3.12 | 750.00 | 3 | 850 ਚਿੱਟੀਆਂ | B-465068 | 19/10/2016 | 1 | 750.00 | Punjabi Bks | |||||
| Dewey Decimal Classification | Non-fiction | Mobile Library | Mobile Library | 07/06/2012 | RBC/7/17.2.12/27797/3.3.12/29.3.12 | 750.00 | 850 ਚਿੱਟੀਆਂ | B-465066 | 07/06/2012 | 1 | 750.00 | Punjabi Bks | ||||||
| Dewey Decimal Classification | Non-fiction | Mobile Library | Mobile Library | 07/06/2012 | RBC/7/17.2.12/27797/3.3.12/29.3.12 | 750.00 | 850 ਚਿੱਟੀਆਂ | B-465067 | 07/06/2012 | 1 | 750.00 | Punjabi Bks | ||||||
| Dewey Decimal Classification | Non-fiction | Vinoba Puri | Vinoba Puri | 07/06/2012 | RBC/7/17.2.12/27797/3.3.12/29.3.12 | 750.00 | 3 | 850 ਚਿੱਟੀਆਂ | B-465069 | 13/12/2023 | 1 | 750.00 | Punjabi Bks | 1 |
